000 00550nam a2200181Ia 4500
005 20250508162520.0
008 008 250505s9999 xx 000 0 eng d
037 _aTextual
040 _aFEDL
_beng
_cFEDL
041 _aeng
_2eng
084 _a371.9, SAB
_qFEDL
100 _aSabatino David A Ed.
_9773343
245 0 _aDescribing learner characteristics of handicapped children and youth
260 _aNew York, USA
_bGrune and Stratton
_c1979
300 _axxiii,609p.
942 _cTEXL
_h371.9, SAB
999 _c1377024
_d1377024